000 00712nam a2200193Ia 4500
003 GCL
008 140319s9999 xx 000 0 ara d
040 _aGCL /
_cGCL
082 0 4 _aط
_b813.0876
_bم م
100 1 _aمحمد حسن ابودنيا
245 1 0 _aمن وسائل الحضارة \ الدراجة - الموتوسيكل - التلفزيون - الطائرة /
_cمحمد حسن ابودنيا
260 _aالقاهرة :
_bنهضة مصر للطباعة والنشر والتوزيع
300 _aمتعدد ؛
_c24 سم
490 _aسلسلة من وسائل الحضارة
_v0
650 0 4 _aالاطفال
650 0 4 _aالقصص
650 0 4 _aقصص الاطفال
942 _2ddc
_cBK
999 _c44605
_d44605